naj ulubieńsze samochody - Statystyki

Ogólne statystyki
  • Ten quiz został rozwiązany 144 razy
  • Średni wynik to 10 z 20
Statystyki odpowiedzi
miejsce Odpowiedź % Poprawnych
6 BMW
91%
17 Audi
88%
11 Mercedes
84%
2 Ferrari
76%
1 Lamborghini
75%
4 Volkswagen
64%
3 Ford
63%
5 Bugatti
61%
14 Toyota
60%
7 Skoda
55%
16 Volvo
44%
20 KIA
38%
13 Dacia
33%
10 MClaren
32%
9 Porshe
25%
15 Mitsubishi
20%
12 Rolls royce
20%
8 Mini
14%
19 Saab
14%
18 Lancia
11%
Nie znaleziono quizów pasujących do podanych kryteriów
Rozkład punktacji
Procent ludzi z każdym wynikiem
Percentyl według liczby udzielonych odpowiedzi
Twoja historia wyników
Nie rozwiązałeś tego quizu